000 00852nas a2200253Ia 4500
001 R706/49424
003 IT-RoPAU
008 151124c99999999xx |||||||||||| ||und||
040 _aIT-RoPAU
040 _cIT-RoPAU
041 _aITALIANO
100 _aManetti Giovanni
_gCodice Aut. SPICS: 4263
210 _aVERSUS
222 _aVersus
245 _aVERSUS, N.018 (SETTEMBRE/DICEMBRE 1977)
_bCrittogrammi A Meccanismo "Retorico" (Tropico)
250 _a1a ed.
260 _aMILANO
_bBOMPIANI
_c1977
501 _bPaulus - SPICS - Società San Paolo EM (non-commercial uses only)
_cCopyright2015
300 _a15 p. [29-43]
362 _aN.018 (SETTEMBRE/DICEMBRE 1977)
500 _aSineddoche. Antonomasia. Relazione di Esclusione. Metonimia. Metafora. Perifrasi. Litote.
650 _aSEMIOTICA
_vPUBBLICAZIONE PERIODICA
942 _cCR
999 _c188680
_d188680